000 00804nam a2200217 a 4500
001 80097
003 BD-RjUL
005 20220706120554.0
008 220709s1960 bg ab 001 0 eng
035 _a(BD-RjUL)80097
040 _aDLC
_cCarP
_dBD-RjUL
_beng
041 _aeng
082 _223
_a913.54
_bAHI 1960
245 1 0 _aInscriptions of Bengal /
_cShamsud-din ahmed
260 _aRajshahi :
_bVarendra Research Museum,
_c1960.
300 _av. :
_bill. ;
_c25 cm.
505 _aV. 3 : containing inscriptions of the Chandras, the Varmans and the Senas, and of Iśvaraghosha and Dāmodara -- v.4.[ being a corpus of Inscriptions of the muslim rulers of Bengal from 1233-1855 A.C.].--
651 0 _aBengal (India)
_xHistory
_vSources.
_9211965
700 _aAhmed, Shamsu-din
_94038
942 _2ddc
_cBK
999 _c80097
_d80097